01755nam a2200217Ia 45000010005000000080041000050100009000460410014000550820014000692450199000832600022002823000008003045200007003126300016003196300025003356300061003606500067004217000048004887000038005365200963005745432241029s9999 xx 000 0 und d a5126 aEspañol aNO APLICA 0aLa integración del paquete Microsoft Office como instrumento de trabajo en los estudiantes de mercadeo de la Universidad Tecnológica De Santiago UTESA Recinto Santo Domingo marzo- junio 2016 aDistrito Nacional a106 a51 aAprendizaje aEducación Superior aTecnología de la Información y Comunicación (TICs) aTecnología de la Información y de la Comunicación (TICs) easesoraVargas de Mañón, María Regla  eautoraMartínez Adón, Rafael  aPropósito: Analizar la implementación del paquete Office como instrumento de trabajo en estudiantes de la Universidad Tecnológica de Santiago UTESA. Determinar la importancia que tiene la incorporación del paquete Office en la carrera de mercadeo de los estudiantes. Presentar las áreas del paquete técnico profesional Office que puedan ser implementados (insertado) en la carrera de Mercadeo. Presentar las áreas del currículo de la carrera de Mercadotecnia que pueden ser sustituidos por el paquete técnico. Indagar sobre el nivel de conocimientos. Identificar cuáles son los programas de Office menos conocidos por los estudiantes de Mercadeo para saber cuáles se podrían integrar. Muestra: 480 estudiantes. Método: descriptivo. Office ayuda a estudiantes y a profesionales a organizar información y administrar cualquier tipo de investigación. Los estudiantes que manejan los programas de Office economizan tiempo y dinero.